Game of Thrones - Quand sont-ils mort ? - Statistiques

Statistiques générales
  • Ce quiz a été pris 106 fois
  • Le résultat moyen est 33 sur 64
Statistiques - réponses
Hint Réponse % Correct
Cersei Lannister Saison 8
97%
Robert Baratheon Saison 1
88%
Roi de la Nuit Saison 8
87%
Khal Drogo Saison 1
84%
Eddard Stark Saison 1
81%
Daenerys Targaryen Saison 8
80%
Theon Greyjoy Saison 8
77%
Jaime Lannister Saison 8
75%
Sandor Clegane Saison 8
72%
Gregor Clegane Saison 8
71%
Jorah Mormont Saison 8
71%
Viserys Targaryen Saison 1
70%
Missandei Saison 8
68%
Lyanna Mormont Saison 8
67%
Catelyn Stark Saison 3
65%
Robb Stark Saison 3
65%
Mélisandre Saison 8
62%
Ramsey Bolton Saison 6
61%
Tywin Lannister Saison 4
59%
Varys Saison 8
58%
Grand Moineau Saison 6
57%
Petyr Baelish Saison 7
57%
Euron Greyjoy Saison 8
57%
Hodor Saison 6
55%
Rickon Stark Saison 6
55%
Renly Baratheon Saison 2
54%
Shae Saison 4
54%
Joffrey Baratheon Saison 4
54%
Tommen Baratheon Saison 6
54%
Randyll Tarly Saison 7
54%
Syrio Forel Saison 1
52%
Oberyn Martell Saison 4
52%
Roose Bolton Saison 6
52%
Margaery Tyrell Saison 6
51%
Lancel Lannister Saison 6
51%
Loras Tyrell Saison 6
48%
Ygritte Saison 4
45%
Barristan Selmy Saison 5
43%
Olenna Tyrell Saison 7
43%
Xaro Xhoan Daxos Saison 2
42%
Myrcella Baratheon Saison 5
42%
Osha Saison 6
42%
Alliser Thorne Saison 6
42%
Olly Saison 6
41%
Mestre Luwin Saison 2
39%
Shireen Baratheon Saison 5
39%
Meryn Trant Saison 5
39%
Mance Rayder Saison 5
38%
Balon Greyjoy Saison 6
38%
Béric Dondarrion Saison 8
38%
Corneille à trois yeux Saison 6
36%
Rickard Karstark Saison 3
35%
Craster Saison 3
35%
Jeor Mormont Saison 3
35%
Mestre Aemon Saison 5
35%
Walder Frey Saison 6
30%
Qhorin Mimain Saison 2
29%
Lysa Arryn Saison 4
29%
Thoros de Myr Saison 7
29%
Rodrick Cassel Saison 2
28%
Doran Martell Saison 6
26%
Eddison Tollett Saison 8
25%
Janos Slynt Saison 5
23%
Jojen Reed Saison 4
22%
Aucun quiz correspondant
Distribution des résultats
% des personnes avec chaque résultat
Percentile par nombre de réponses
Votre historique - résultats
Vous n’avez pas pris ce quiz